Virtually level (Record no. 106256)

MARC details
000 -LEADER
fixed length control field 01026cam a2200217 4500
001 - CONTROL NUMBER
control field L135949
008 - FIXED-LENGTH DATA ELEMENTS--GENERAL INFORMATION
fixed length control field 061219n2006 000 0 eng u
035 ## - SYSTEM CONTROL NUMBER
System control number (Sirsi) u135949
041 0# - LANGUAGE CODE
Language code of text/sound track or separate title eng
050 04 - LIBRARY OF CONGRESS CALL NUMBER
Classification number 526.982 $2 18
110 2# - MAIN ENTRY--CORPORATE NAME
Corporate name or jurisdiction name as entry element Royal Institution of Chartered Surveyors
Subordinate unit Geomatics Faculty
9 (RLIN) 4352
245 00 - TITLE STATEMENT
Title Virtually level
Remainder of title a useful guide from RICS and Ordnance Survey on the transition from the familiar bench mark to heighting using GPS
260 ## - PUBLICATION, DISTRIBUTION, ETC.
Place of publication, distribution, etc. London
Name of publisher, distributor, etc. RICS
Date of publication, distribution, etc. 2006
440 ## - SERIES STATEMENT/ADDED ENTRY--TITLE
Title RICS Geomatics client guide
520 ## - SUMMARY, ETC.
Summary, etc. Outlines the do's and don'ts of heighting within the new world of GPS defined height systems. Intended for all surveyors using GPS and/or traditional methods of levelling.
651 #4 - SUBJECT ADDED ENTRY--GEOGRAPHIC NAME
Geographic name United Kingdom
690 ## - LOCAL SUBJECT ADDED ENTRY--TOPICAL TERM (OCLC, RLIN)
Topical term or geographic name as entry element ENVIRONMENTAL AND LAND CONSULTANCY-GEOMATICS-MAPPING AND POSITIONING-CARTOGRAPHY
710 2# - ADDED ENTRY--CORPORATE NAME
Corporate name or jurisdiction name as entry element Ordnance Survey
9 (RLIN) 1860
856 ## - ELECTRONIC LOCATION AND ACCESS
Uniform Resource Identifier <a href="https://www.rics.org/profession-standards/knowledge-and-information-services">https://www.rics.org/profession-standards/knowledge-and-information-services</a>
Public note Please contact [email protected]
942 ## - ADDED ENTRY ELEMENTS (KOHA)
Suppress in OPAC 0
Source of classification or shelving scheme Dewey Decimal Classification
Holdings
Withdrawn status Lost status Source of classification or shelving scheme Damaged status Not for loan Home library Current library Shelving location Date acquired Total Checkouts Full call number Barcode Date last seen Copy number Price effective from Koha item type Public note
    Dewey Decimal Classification     London London RICS Boxes 02/02/2007   RICS 2006/50 30073626 06/08/2019 1 06/08/2019 Archive  
    Dewey Decimal Classification     London London RICS Boxes 02/02/2007   RICS 2006/50 30073627 06/08/2019 2 06/08/2019 Reference material  
    Dewey Decimal Classification     London London RICS Boxes 02/02/2007   RICS 2006/50 30073628 06/08/2019 3 06/08/2019 Book  
    Dewey Decimal Classification     Virtual Virtual Online 19/12/2006   SCAN 135949-1001 23/01/2025 4 06/08/2019 Online material Email [email protected] for a copy